000 00490nam a2200181Ia 4500
008 240925s9999 xx 000 0 und d
020 _a72262095
082 _a005.133 SCH
100 _aSchildf, Herbert
245 4 _aThe Complete Reference C# 2.0
250 _aNA
260 _aNew York:
_bMc Graw HIll
_c,2006.
300 _ax,326p.
_b0
_fPhotocopy
500 _aIncludes Index
600 _aComputer Science
650 _aComputer science, information & general works
942 _cBK
999 _c10268
_d10268